APPLICATION OF REDOX AND REAGENTS OF ORGANIC SYNTHESIS (Vol-1) (Record no. 28408)
[ view plain ]
| 000 -LEADER | |
|---|---|
| fixed length control field | 00558cam a2200169ua 4500 |
| 001 - CONTROL NUMBER | |
| control field | 25161 |
| 008 - FIXED-LENGTH DATA ELEMENTS--GENERAL INFORMATION | |
| fixed length control field | 191123n2016 II |||gr||||Z||||||eng |
| 082 ## - DEWEY DECIMAL CLASSIFICATION NUMBER | |
| Classification number | 540 |
| 245 ## - TITLE STATEMENT | |
| Title | APPLICATION OF REDOX AND REAGENTS OF ORGANIC SYNTHESIS (Vol-1) |
| Medium | Textual Documents |
| 250 ## - EDITION STATEMENT | |
| Edition statement | REP. |
| 260 ## - PUBLICATION, DISTRIBUTION, ETC. | |
| Place of publication, distribution, etc. | NEW DELHI |
| Name of publisher, distributor, etc. | NCBA (NEW CENTRAL BOOK AGENCY) |
| Date of publication, distribution, etc. | 2016 |
| 300 ## - PHYSICAL DESCRIPTION | |
| Extent | 505: |
| Dimensions | 20CM. |
| 500 ## - GENERAL NOTE | |
| General note | GUWAHATI BOOK FAIR, 2017 |
| 653 ## - INDEX TERM--UNCONTROLLED | |
| Uncontrolled term | Chemistry & allied sciences |
| 700 ## - ADDED ENTRY--PERSONAL NAME | |
| Personal name | KAR, DR. RATAN KR., |
| Relator term | AUTHOR. |
| Withdrawn status | Lost status | Source of classification or shelving scheme | Damaged status | Not for loan | Collection code | Home library | Current library | Shelving location | Date acquired | Source of acquisition | Cost, normal purchase price | Full call number | Barcode | Date last seen | Price effective from | Koha item type | Public note |
|---|---|---|---|---|---|---|---|---|---|---|---|---|---|---|---|---|---|
| Dewey Decimal Classification | TBCHE | Central Library and Information Centre Sibsagar Girls College | Central Library and Information Centre Sibsagar Girls College | CHEMISTRY BOOK RACK | 08.01.2018 | COLLEGE BOOK STALL SVR | 585.00 | 540 KAR | 42848 | 02.08.2022 | 02.08.2022 | Books | V |